[Event "ROM-ch U12 Girls"]
[Site "Calimanesti Caciulata"]
[Date "2016.04.21"]
[Round "5"]
[White "Bureta, Karla Claudia"]
[Black "Croitoru, Doriana Elena"]
[Result "1-0"]
[WhiteElo "1393"]
[BlackElo "1001"]
[PlyCount "39"]
[EventDate "2016.04.18"]
[EventType "swiss"]
[EventRounds "9"]
[EventCountry "ROU"]
[SourceTitle "CBM 172 Extra"]
[Source "ChessBase"]
[SourceDate "2016.06.21"]
[SourceVersion "1"]
[SourceVersionDate "2016.06.21"]
[SourceQuality "1"]

1. e4 c6 2. d4 d5 3. e5 Bf5 4. h4 h5 5. Bg5 f6 6. Bf4 Nd7 7. Nf3 e6 8. Bd3 Bxd3 9. Qxd3 c5 10. c3 Nh6 11. 0-0 Nf5 12. Nbd2 fxe5 13. Nxe5 Nxe5 14. Bxe5 cxd4 15. cxd4 Nxh4 16. Rac1 Qb6 17. Nb3 Rh7 18. Qxh7 Bd6 19. Bxd6 Qxd6 20. Qxh5+ 1-0

[Event "ROM-ch U12 Girls"]
[Site "Calimanesti Caciulata"]
[Date "2016.04.20"]
[Round "3"]
[White "Bureta, Karla Claudia"]
[Black "Bocanici, Denisa Elena"]
[Result "1-0"]
[WhiteElo "1393"]
[BlackElo "1039"]
[PlyCount "105"]
[EventDate "2016.04.18"]
[EventType "swiss"]
[EventRounds "9"]
[EventCountry "ROU"]
[SourceTitle "CBM 172 Extra"]
[Source "ChessBase"]
[SourceDate "2016.06.21"]
[SourceVersion "1"]
[SourceVersionDate "2016.06.21"]
[SourceQuality "1"]

1. e4 e5 2. Nf3 Nc6 3. Bc4 Bc5 4. c3 Nf6 5. d4 exd4 6. e5 d5 7. Bb5 Ne4 8. cxd4 Bb4+ 9. Bd2 0-0 10. 0-0 Bg4 11. Bxc6 Nxd2 12. Nbxd2 bxc6 13. h3 Bxf3 14. Nxf3 Rb8 15. a3 Be7 16. b4 f6 17. Ra2 fxe5 18. Nxe5 Qd6 19. Qa4 Bf6 20. Nxc6 Rb7 21. b5 Rb6 22. Rb2 Ra8 23. Qb4 Qxb4 24. Rxb4 a5 25. Rb3 Re8 26. Nxa5 Bxd4 27. Rd1 c5 28. bxc6 Rxb3 29. Nxb3 Bb6 30. Rxd5 Bc7 31. g3 Re7 32. a4 Re5 33. Rxe5 Bxe5 34. f4 Bc7 35. a5 Kf7 36. a6 Bb6+ 37. Kg2 Ke7 38. a7 Bxa7 39. Na5 Kd6 40. Kf3 Bb8 41. Ke4 Bc7 42. Nc4+ Kxc6 43. Kf5 Kd7 44. Ne3 Bd8 45. h4 g6+ 46. Kg4 h5+ 47. Kf3 Ke6 48. Ke4 Kf7 49. f5 g5 50. Ng2 gxh4 51. Nxh4 Bxh4 52. gxh4 Kf6 53. Kf4 1-0

[Event "ROM-ch U12 Girls"]
[Site "Calimanesti Caciulata"]
[Date "2016.04.19"]
[Round "2"]
[White "Huszti, Diana Maria"]
[Black "Bureta, Karla Claudia"]
[Result "1-0"]
[WhiteElo "1196"]
[BlackElo "1393"]
[PlyCount "29"]
[EventDate "2016.04.18"]
[EventType "swiss"]
[EventRounds "9"]
[EventCountry "ROU"]
[SourceTitle "CBM 172 Extra"]
[Source "ChessBase"]
[SourceDate "2016.06.21"]
[SourceVersion "1"]
[SourceVersionDate "2016.06.21"]
[SourceQuality "1"]

1. e4 c5 2. Nf3 Nc6 3. Nc3 g6 4. d4 cxd4 5. Nxd4 Bg7 6. Be3 Nf6 7. Bc4 Nxe4 8. Nxe4 d5 9. Bb5 dxe4 10. Nxc6 Qc7 11. Nb4+ Kf8 12. Bd4 Be6 13. Bxg7+ Kxg7 14. Qd4+ Kf8 15. Qxh8# 1-0

[Event "ROM-ch U12 Girls"]
[Site "Calimanesti Caciulata"]
[Date "2016.04.18"]
[Round "1"]
[White "Bureta, Karla Claudia"]
[Black "Dorobantu, Maria Andreea"]
[Result "1/2-1/2"]
[WhiteElo "1393"]
[BlackElo "1082"]
[PlyCount "82"]
[EventDate "2016.04.18"]
[EventType "swiss"]
[EventRounds "9"]
[EventCountry "ROU"]
[SourceTitle "CBM 172 Extra"]
[Source "ChessBase"]
[SourceDate "2016.06.21"]
[SourceVersion "1"]
[SourceVersionDate "2016.06.21"]
[SourceQuality "1"]

1. e4 c6 2. d4 d5 3. e5 Bf5 4. h4 h5 5. Bg5 f6 6. exf6 Nxf6 7. Bxf6 exf6 8. Bd3 Bxd3 9. Qxd3 Qc7 10. Ne2 Bd6 11. Nbc3 Qf7 12. 0-0-0 Nd7 13. Ng3 Bxg3 14. Qxg3 0-0 15. Rhe1 Rfe8 16. f3 Rxe1 17. Rxe1 Re8 18. Rg1 Nf8 19. Qf2 Ng6 20. g4 hxg4 21. fxg4 Qe7 22. Rf1 Qd7 23. h5 Ne7 24. Qf4 Nc8 25. Rg1 Qd6 26. Qf5 Qe6 27. Qf4 Qd6 28. Qd2 Qe7 29. Qf2 Qe3+ 30. Qd2 Qxd2+ 31. Kxd2 Nd6 32. b3 Ne4+ 33. Nxe4 Rxe4 34. c3 Kh7 35. g5 Rf4 36. gxf6 Rxf6 37. a3 Rf2+ 38. Kc1 Ra2 39. Re1 Rxa3 40. Kb2 Ra6 41. Re8 b5 1/2-1/2

[Event "ROM-ch U12 Girls"]
[Site "Calimanesti"]
[Date "2015.04.05"]
[Round "8"]
[White "Cristescu, Andreea Ioana"]
[Black "Bureta, Karla Claudia"]
[Result "0-1"]
[WhiteElo "1077"]
[BlackElo "1648"]
[PlyCount "58"]
[EventDate "2015.03.30"]
[EventType "swiss"]
[EventRounds "9"]
[EventCountry "ROU"]
[SourceTitle "CBM 165 Extra"]
[Source "ChessBase"]
[SourceDate "2015.04.21"]
[SourceVersion "1"]
[SourceVersionDate "2015.04.21"]
[SourceQuality "1"]

1. e4 c5 2. Nf3 Nc6 3. Bb5 g6 4. c3 Bg7 5. 0-0 e6 6. Bxc6 dxc6 7. d4 cxd4 8. cxd4 Ne7 9. Nc3 0-0 10. Bf4 b6 11. Re1 Bb7 12. Rc1 Rc8 13. Qd2 c5 14. dxc5 Qxd2 15. Bxd2 Rxc5 16. h3 Rc7 17. Bf4 Rd7 18. Ne5 Bxe5 19. Bxe5 Nc6 20. Bg3 f5 21. e5 f4 22. Bh2 g5 23. a3 Rf5 24. Ne4 Rd3 25. Nd6 Rxe5 26. Rxe5 Nxe5 27. Nxb7 Rd7 28. Nc5 bxc5 29. Rxc5 Rd1# 0-1

[Event "ROM-ch U12 Girls"]
[Site "Calimanesti"]
[Date "2015.03.31"]
[Round "2"]
[White "Cosma, Anca Malina"]
[Black "Bureta, Karla Claudia"]
[Result "0-1"]
[WhiteElo "1001"]
[BlackElo "1648"]
[PlyCount "63"]
[EventDate "2015.03.30"]
[EventType "swiss"]
[EventRounds "9"]
[EventCountry "ROU"]
[SourceTitle "CBM 165 Extra"]
[Source "ChessBase"]
[SourceDate "2015.04.21"]
[SourceVersion "1"]
[SourceVersionDate "2015.04.21"]
[SourceQuality "1"]

1. e4 c5 2. Nf3 Nc6 3. Bb5 g6 4. d3 Qa5+ 5. Nc3 Bg7 6. Bxc6 bxc6 7. Bd2 e6 8. 0-0 Ne7 9. Qe2 d5 10. exd5 cxd5 11. h3 Qb6 12. b3 0-0 13. Rfe1 Ba6 14. Ne5 Bc8 15. Rad1 Nc6 16. Nxc6 Qxc6 17. Kh1 Ba6 18. Nb1 c4 19. Rc1 Rac8 20. Qe3 Qb6 21. Kg1 Rc7 22. f3 Bd4 23. Qxd4 Qxd4+ 24. Be3 Qf6 25. Kh1 Rfc8 26. Re2 cxb3 27. axb3 Bxd3 28. Rce1 Bxc2 29. Na3 Bxb3 30. Rb1 Qh4 31. Rg1 Bc2 32. f4 0-1

[Event "ROM-ch U10 Girls"]
[Site "Calimanesti"]
[Date "2014.04.12"]
[Round "8"]
[White "Bureta, Karla Claudia"]
[Black "Ercsei, Iolanda Elisabeta"]
[Result "0-1"]
[WhiteElo "1017"]
[BlackElo "1236"]
[PlyCount "100"]
[EventDate "2014.04.06"]
[EventType "swiss"]
[EventRounds "9"]
[EventCountry "ROU"]
[SourceTitle "CBM 160 Extra"]
[Source "ChessBase"]
[SourceDate "2014.07.01"]
[SourceVersion "1"]
[SourceVersionDate "2014.07.01"]
[SourceQuality "1"]

1. e4 d5 2. exd5 Nf6 3. d4 Nxd5 4. Nf3 Nc6 5. Bc4 Nf6 6. Ng5 e6 7. 0-0 Nxd4 8. Nc3 Bc5 9. Be3 0-0 10. a3 Bb6 11. Na4 Nc6 12. Nxb6 axb6 13. Qf3 Ne5 14. Qf4 Nxc4 15. Qxc4 Qd6 16. Rad1 Qc6 17. Qd3 h6 18. Nf3 Bd7 19. Bf4 Qa4 20. g3 Bb5 21. Qc3 Bxf1 22. Kxf1 Nd5 23. Qd2 Nxf4 24. gxf4 Qb5+ 25. Kg2 Qxb2 26. Qd7 Qxc2 27. Rd2 Qc5 28. a4 Rad8 29. Qb5 Qxb5 30. axb5 Rxd2 31. Nxd2 c6 32. bxc6 bxc6 33. Kf3 Rd8 34. Nc4 b5 35. Nb2 Rd2 36. Ke3 Rxb2 37. Kd3 Rxf2 38. h3 Rxf4 39. Kc3 Rf3+ 40. Kb4 Rxh3 41. Kc5 g5 42. Kxc6 b4 43. Kc5 b3 44. Kb4 b2 45. Kc5 b1Q 46. Kd4 Qd3+ 47. Kc5 Rh2 48. Kc6 Rc2+ 49. Kb6 Qb3+ 50. Ka7 Ra2# 0-1

[Event "ROM-ch U10 Girls"]
[Site "Calimanesti"]
[Date "2014.04.11"]
[Round "7"]
[White "Bureta, Karla Claudia"]
[Black "Carstea, Alexia Ecaterina"]
[Result "0-1"]
[WhiteElo "1017"]
[BlackElo "1172"]
[PlyCount "116"]
[EventDate "2014.04.06"]
[EventType "swiss"]
[EventRounds "9"]
[EventCountry "ROU"]
[SourceTitle "CBM 160 Extra"]
[Source "ChessBase"]
[SourceDate "2014.07.01"]
[SourceVersion "1"]
[SourceVersionDate "2014.07.01"]
[SourceQuality "1"]

1. e4 c5 2. Nc3 d6 3. g3 g6 4. Bg2 Bg7 5. d3 Nf6 6. f4 Nc6 7. Nf3 Bd7 8. 0-0 Qc7 9. Be3 Ng4 10. Nd5 Qc8 11. h3 Nxe3 12. Nxe3 Bxh3 13. Bxh3 Qxh3 14. Nd5 Qxg3+ 15. Kh1 Rc8 16. Qe1 Qxe1 17. Raxe1 b6 18. a3 Bxb2 19. a4 e6 20. Ne3 Bd4 21. Nxd4 Nxd4 22. Nc4 Kd7 23. c3 Nc6 24. e5 dxe5 25. Nxe5+ Nxe5 26. Rxe5 f6 27. Re4 a6 28. Rfe1 Rhe8 29. c4 h5 30. Kg2 Rc6 31. Kg3 Rd6 32. R4e3 Rd4 33. Rc1 e5 34. fxe5 Rxe5 35. Rf3 f5 36. Rb1 Kc6 37. Rf4 Rxd3+ 38. Rf3 Ree3 39. Rxe3 Rxe3+ 40. Kf4 Re4+ 41. Kg5 Rg4+ 42. Kf6 h4 43. Kg7 g5 44. Kg6 f4 45. Kf5 Rg3 46. Ke4 h3 47. Ke5 f3 48. Rf1 g4 49. Kf4 Rg2 50. Ke3 h2 51. Rh1 g3 52. Kxf3 Rg1 53. Rxg1 hxg1Q 54. Kg4 Qf2 55. Kh4 Kd6 56. Kg5 g2 57. Kg4 g1Q+ 58. Kh5 Qfh2# 0-1

[Event "ROM-ch U10 Girls"]
[Site "Calimanesti"]
[Date "2014.04.09"]
[Round "4"]
[White "Bureta, Karla Claudia"]
[Black "Iancu, Alexandra Valeria"]
[Result "0-1"]
[WhiteElo "1017"]
[BlackElo "1077"]
[PlyCount "66"]
[EventDate "2014.04.06"]
[EventType "swiss"]
[EventRounds "9"]
[EventCountry "ROU"]
[SourceTitle "CBM 160 Extra"]
[Source "ChessBase"]
[SourceDate "2014.07.01"]
[SourceVersion "1"]
[SourceVersionDate "2014.07.01"]
[SourceQuality "1"]

1. e4 e5 2. Nf3 Nc6 3. Bc4 Bc5 4. 0-0 Nf6 5. d3 h6 6. Nc3 0-0 7. Be3 Bxe3 8. fxe3 d6 9. d4 Ng4 10. Qe2 exd4 11. exd4 Na5 12. Bd3 Nc6 13. h3 Nf6 14. e5 Re8 15. Rfe1 Nh5 16. Qe4 Nf6 17. Qe3 Nb4 18. a3 Nbd5 19. Nxd5 Nxd5 20. Qe4 Nf6 21. Qf4 Nd5 22. Qd2 Be6 23. exd6 Qxd6 24. Bc4 c6 25. Bxd5 cxd5 26. Qb4 Qg3 27. Ne5 Bxh3 28. Re2 f6 29. Nd3 Rxe2 30. Nf4 Qf2+ 31. Kh2 Qxf4+ 32. Kxh3 Re3+ 33. g3 Qxg3# 0-1